| 000 | 00551nam a22002057a 4500 | ||
|---|---|---|---|
| 005 | 20170607125202.0 | ||
| 010 | _aA-943294 | ||
| 020 |
_a8120312783 _c195.00 |
||
| 035 | _aA-943294 | ||
| 037 | _bCL/Ret. | ||
| 082 | _a621.3815 | ||
| 100 | _aBell,David A. | ||
| 245 |
_aElectronic devices and circuits / _cby David A. Bell |
||
| 250 | _a3rd ed | ||
| 260 |
_aNew Delhi _bPrentice-Hall of India _c1998 |
||
| 300 |
_axii,756p. : _c24cm(pbk) _bill. |
||
| 490 | _a | ||
| 500 | _aIncludes index | ||
| 942 |
_2ddc _cEN _h621.3815 _mBEL |
||
| 999 |
_c140843 _d140843 |
||